LEADER 01171nam a22003135i 4500 001 991001863719707536 007 cr nn 008mamaa 008 121219s2012 de o 000 0 eng d 020 $a9783642229909 035 $ab14082883-39ule_inst 040 $aBibl. Dip.le Aggr. Matematica e Fisica - Sez. Matematica$beng 082 04$a519$223 084 $aAMS 92-06 084 $aAMS 92C55 245 00$aMathematical modeling in biomedical imaging II$h[e-book] :$boptical, ultrasound, and opto-acoustic tomographies /$cedited by Habib Ammari 260 $aBerlin :$bSpringer,$c2012 300 $bdigital 440 0$aLecture Notes in Mathematics,$x0075-8434 ;$v2035 650 0$aMathematics 650 0$aRadiology, Medical 650 0$aMathematical physics 650 0$aBiomedical engineering 773 0 $aSpringer eBooks 856 40$uhttp://dx.doi.org/10.1007/978-3-642-22990-9$zAn electronic book accessible through the World Wide Web 907 $a.b14082883$b03-03-22$c25-10-12 912 $a991001863719707536 996 $aMathematical modeling in biomedical imaging II$9241156 997 $aUNISALENTO 998 $ale013$b19-12-12$cm$d@ $e-$feng$gde $h0$i0 LEADER 01012nam 2200361 450 001 9910796312503321 005 20230803015724.0 010 $a2-8062-4923-6 035 $a(CKB)3820000000022926 035 $a(Au-PeEL)EBL4466491 035 $a(CaPaEBR)ebr11190858 035 $a(OCoLC)946263415 035 $a(MiAaPQ)EBC4466491 035 $a(EXLCZ)993820000000022926 100 $a20160513h20132013 uy 0 101 0 $afre 135 $aurcnu|||||||| 181 $2rdacontent 182 $2rdamedia 183 $2rdacarrier 200 10$aArendt $efiche philosophe /$fdocument re?dige? par Marie-France Battisti 210 1$a[Place of publication not identified] :$cLePetitPhilosophe.fr,$d2013. 210 4$dİ2013 215 $a1 online resource (21 pages) 676 $a320.5092 700 $aBattisti$b Marie-France$01491753 801 0$bMiAaPQ 801 1$bMiAaPQ 801 2$bMiAaPQ 906 $aBOOK 912 $a9910796312503321 996 $aArendt$93713724 997 $aUNINA